A treatise on practical astronomy : as applied to geodesy and navigation /

Bibliographic Details
Main Author: Doolittle, C. L. (Charles Leander), 1843-1919
Format: Book
Language:English
Published: New York : J. Wiley & son, 1910.
Edition:4th rev. ed.
Subjects:

MARC

Tag First Indicator Second Indicator Subfields
LEADER 00000cam a2200000 4500
001 in00000040913
005 20151007064727.0
008 800523s1910 nyuaf 00010 eng d
035 |a (OCoLC)06354275 
035 |9 AAE0470AM 
040 |a TXA  |c TXA  |d UtOrBLW 
049 |a TXAM  |c [22687] 
090 |a QB145  |b .D6 1910 
092 |a 520  |b D69t4 
100 1 |a Doolittle, C. L.  |q (Charles Leander),  |d 1843-1919. 
245 1 2 |a A treatise on practical astronomy :  |b as applied to geodesy and navigation /  |c By C. L. Doolittle ... 
250 |a 4th rev. ed. 
264 1 |a New York :  |b J. Wiley & son,  |c 1910. 
300 |a x, 642 pages :  |b illustrations, folded plate, tables, diagrams ;  |c 24 cm. 
336 |a text  |b txt  |2 rdacontent 
337 |a unmediated  |b n  |2 rdamedia 
338 |a volume  |b nc  |2 rdacarrier 
505 0 |a Introduction to the method of least squares.--Interpolation.--Practical astronomy. 
650 0 |a Spherical astronomy. 
650 0 |a Least squares. 
650 0 |a Interpolation. 
999 |a MARS 
999 f f |s e78a4406-c9ea-34ae-8b9c-098c50308f0a  |i 5d57f035-b7fd-3d41-b4e9-679f6c220e91  |t 0 
952 f f |p ric  |a Texas A&M University  |b Rellis Campus  |c Joint Library Facility  |s JLF  |d Remote Storage  |t 0  |e QB145 .D6 1910  |h Library of Congress classification  |i unmediated -- volume  |m A14800897925 
998 f f |a QB145 .D6 1910  |t 0  |l Remote Storage